[Event "Marienbad Open IM2 2020"]
[Site "Marianske Lazne"]
[Date "2020.01.21"]
[Round "4.12"]
[White "Jurek, Josef"]
[Black "Nguyen, Alex Dac-Vuong"]
[Result "1-0"]
[WhiteElo "2235"]
[BlackElo "2401"]
[Annotator "TA"]
[PlyCount "31"]
[EventDate "2020.01.18"]
[EventType "tourn"]
[EventCountry "CZE"]
[SourceTitle "playchess.com"]
[Source "ChessBase"]
[SourceQuality "1"]

{[%evp 9,145,43,35,15,56,47,40,35,74,69,198,194,238,241,489,426,412,431,419,352,343,335,477,465,456,453,457,434,468,447,462,479,470,462,454,371,370,359,348,335,315,277,275,196,194,192,190,165,157,158,151,93,178,104,122,51,58,62,88,72,72,90,142,85,100,0,0,33,21,0,480,437,774,788,746,715,825,797,856,634,897,710,1294,1248,1057,941,904,896,845,804,804,816,787,743,1378,1482,29951,29953,29949,29955,29952,29950,29945,29950,29952,29949,29940,29949,29957,29962,29963,29964,29971,29968,29974,29975,29976,29977,29966,29966,29984,29985,29983,29984,29986,29987,29987,29988,29989,29989,29989,29988,29988,29989,29991,29992,29992,29992]} 1. d4 Nf6 2. Nf3 c5 3. d5 e6 4. c4 b5 5. e4 Nxe4 6. Bd3 {E10: Blumenfeld Gambit.} Nd6 7. cxb5 Bb7 8. Nc3 {White is slightly better.} Be7 9. O-O exd5 ({Black should try} 9... c4 $14) 10. Re1 $18 O-O {[#]} 11. Nxd5 $1 {[%mdl 512] [#]} Bf6 $146 (11... Bxd5 {keeps fighting.} 12. Bxh7+ {[%mdl 64] Discovered Attack} Kxh7 13. Qxd5 {[%mdl 64] Double Attack} Nxb5 14. Qxa8 Nc6) ({Predecessor:} 11... Bxd5 12. Bxh7+ Kxh7 13. Qxd5 Nc6 14. bxc6 dxc6 15. Qxc5 {½-½ (15) Sanikidze,T (2525)-Quparadze,G (2499) Tbilisi 2018}) 12. Nxf6+ Qxf6 13. Bg5 Bxf3 14. Bxf6 Bxd1 15. Be7 {[%mdl 64] Double Attack} c4 {[#]} (15... Bc2 {was worth a try.}) 16. Bxd6 {Played: Bd3xh7} 1-0

[Event "Marienbad Open IM2 2020"]
[Site "Marianske Lazne"]
[Date "2020.01.21"]
[Round "4.13"]
[White "Vetokhin, Savva"]
[Black "Gorbatov, Alexej"]
[Result "1-0"]
[WhiteElo "2113"]
[BlackElo "2355"]
[Annotator "TA"]
[PlyCount "129"]
[EventDate "2020.01.18"]
[EventType "tourn"]
[EventCountry "CZE"]
[SourceTitle "playchess.com"]
[Source "ChessBase"]
[SourceQuality "1"]

{[%evp 10,129,19,12,26,15,28,14,18,17,25,-3,18,4,113,100,113,60,91,74,115,94,93,87,193,160,127,147,398,404,414,395,410,388,715,712,707,593,618,599,1123,1121,1119,1102,1078,1057,1035,567,878,477,458,482,449,462,423,391,382,377,418,345,362,362,337,283,356,355,329,274,345,357,357,357,357,357,343,321,29964,29965,29961,29966,29970,29971,29971,29972,29972,29973,29973,29974,29975,29976,29977,29978,29978,29979,29979,29980,29980,29981,29981,29983,29983,29983,29986,29987,29987,29986,29988,29987,29987,29988,29988,29989,29991,29991,29990,29989,29989,29990,29990,29991,29991,4134]} 1. e4 c6 2. d4 d5 3. e5 Bf5 4. Nd2 e6 5. Nb3 Nd7 6. Nf3 h6 {B12: Caro-Kann: Advance Variation} 7. Be2 Ne7 8. O-O g5 {The position is equal.} (8... Nc8 9. Ne1 Be7 10. Bd3 Bxd3 11. Nxd3 Ncb6 12. Qg4 g6 13. Nd2 Qc7 14. a4 {0-1 (51) Sasikiran,K (2656)-Wojtaszek,R (2725) Moscow 2019}) 9. a4 Bg7 10. Ne1 Qc7 11. Nd3 O-O-O (11... b6 $11) 12. a5 Bxd3 13. Bxd3 ({Much worse is} 13. Qxd3 $6 c5 $11) ({White should try} 13. cxd3 $16 f6 14. f4) 13... f6 $146 ({Predecessor:} 13... c5 14. Nxc5 Nxc5 15. dxc5 {½-½ (44) Gopal,G (2562)-Liu,C (2353) Al Ain 2015}) 14. f4 c5 {Threatens to win with ...c4.} 15. exf6 Bxf6 {...c4 is the strong threat.} 16. dxc5 gxf4 (16... Nxc5 $16 {was worth a try.} 17. Nxc5 Qxc5+ 18. Kh1 Qd6) 17. Bxf4 e5 18. Bg3 h5 $2 {[%mdl 8192]} (18... a6 $16) 19. a6 $18 b6 20. cxb6 Qxb6+ 21. Bf2 Qe6 $2 (21... Qc7 22. c4 d4) 22. Bxa7 Rhg8 23. Bf2 e4 24. Bb5 Be5 25. Bxd7+ Qxd7 26. a7 Kc7 27. Qd2 {aiming for Qa5+.} Nc6 28. Be3 Qg7 29. a8=Q {[%mdl 64] [#] Deflection} Rxa8 30. Rxa8 Rxa8 31. Qxd5 Rf8 {If only Black now had time for ...Bxh2+....} 32. Rxf8 Qxf8 33. Qxe4 Bxb2 34. Qh7+ Qe7 35. Qxe7+ Nxe7 {[%mdl 4096] Endgame KBN-KBN} 36. Kf2 Nc6 37. Kg3 Bf6 38. c4 Kd6 39. Bf4+ Ke6 40. Kf3 Kf5 41. g3 Bc3 42. h3 Ne5+ $2 (42... Be1 $18 43. g4+ hxg4+ 44. hxg4+ Ke6) 43. Bxe5 $1 {White mates.} Kxe5 {KB-KN} 44. h4 Be1 45. Nc1 Kd4 {[#]} 46. c5 $1 Bb4 (46... Kxc5 47. Nd3+) 47. c6 Bd6 48. Ne2+ Kd5 49. Nf4+ Kxc6 50. Nxh5 Kd5 51. g4 Ke6 52. g5 Be7 53. Kg4 Bc5 54. Nf4+ Kf7 55. Kf5 Bd4 56. h5 Bb2 57. Nd5 Kg7 58. Nf6 Bc1 59. h6+ Kh8 60. Ng4 Ba3 61. g6 Bf8 62. Ne5 Bxh6 63. Nf7+ {[%mdl 64] Double Attack} Kg7 64. Nxh6 {[%mdl 64] Overworked Piece} Kxh6 65. Kf6 {Accuracy: White = 76%, Black = 22%.} 1-0

[Event "Marienbad Open IM2 2020"]
[Site "Marianske Lazne"]
[Date "2020.01.21"]
[Round "4.14"]
[White "Sharma Isha"]
[Black "Hilwerda, Jonas"]
[Result "1-0"]
[WhiteElo "2169"]
[BlackElo "2230"]
[Annotator "ChessBase"]
[PlyCount "93"]
[EventDate "2020.01.18"]
[EventType "tourn"]
[EventCountry "CZE"]
[SourceTitle "playchess.com"]
[Source "ChessBase"]
[SourceQuality "1"]
[TimeControl "40/5400+30:1800+30"]

1. e4 {[%emt 0:00:00]} c5 {[%emt 0:00:00]} 2. Nf3 {[%emt 0:00:00]} e6 {[%emt 0:00:00]} 3. g3 {[%emt 0:00:00]} Nc6 {[%emt 0:00:00]} 4. Bg2 {[%emt 0:00:00]} Nf6 {[%emt 0:00:00]} 5. Qe2 {[%emt 0:00:00]} e5 {[%emt 0:00:00]} 6. d3 {[%emt 0:00:23]} Be7 {[%emt 0:01:34]} 7. O-O {[%emt 0:04:17]} h6 {[%emt 0:01:20]} 8. c3 {[%emt 0:00:28]} O-O {[%emt 0:00:07]} 9. Re1 {[%emt 0:02:05]} Re8 {[%emt 0:00:52]} 10. Na3 {[%emt 0:03:26]} Bf8 {[%emt 0:02:29]} 11. Nc4 {[%emt 0:00:09]} d6 {[%emt 0:01:47]} 12. Ne3 {[%emt 0:00:52]} Be6 {[%emt 0:03:47]} 13. c4 {[%emt 0:03:35]} Rb8 {[%emt 0:02:03]} 14. b3 {[%emt 0:08:33]} a6 {[%emt 0:08:50]} 15. Nd5 {[%emt 0:06:48]} b5 {[%emt 0:11:31]} 16. Be3 Bg4 17. h3 {[%emt 0:08:46]} Bxf3 {[%emt 0:01:49]} 18. Qxf3 Nxd5 {[%emt 0:03:37]} 19. cxd5 {[%emt 0:07:59]} Ne7 {[%emt 0:18:44]} 20. h4 {[%emt 0:06:45]} g6 {[%emt 0:04:48]} 21. g4 {[%emt 0:08:01]} Bg7 {[%emt 0:00:54]} 22. Bh3 {[%emt 0:00:25]} Nc8 {[%emt 0:19:34]} 23. g5 {[%emt 0:01:22]} h5 {[%emt 0:00:02]} 24. Kh1 {[%emt 0:02:16]} Nb6 {[%emt 0:02:25]} 25. Rec1 {[%emt 0:01:53]} Qe7 {[%emt 0:04:44]} 26. Rab1 {[%emt 0:02:52]} b4 {[%emt 0:02:06]} 27. Qe2 {[%emt 0:02:12]} Qb7 {[%emt 0:04:21]} 28. f3 {[%emt 0:04:32]} Re7 {[%emt 0:02:32]} 29. a3 {[%emt 0:00:20]} a5 {[%emt 0:00:18]} 30. Rc2 {[%emt 0:01:11]} Ra8 31. Ra2 {[%emt 0:01:18]} Ree8 {[%emt 0:01:34]} 32. a4 {[%emt 0:02:44]} Qe7 {[%emt 0:01:07]} 33. Rf1 {[%emt 0:00:54]} Nd7 {[%emt 0:00:53]} 34. Qg2 {[%emt 0:01:08]} Rf8 {[%emt 0:00:28]} 35. Qg3 {[%emt 0:01:24]} Rae8 {[%emt 0:01:37]} 36. Rg2 {[%emt 0:00:15]} Kh7 {[%emt 0:00:16]} 37. Rfg1 {[%emt 0:00:17]} Nb6 {[%emt 0:00:49]} 38. Qe1 {[%emt 0:04:01]} Nd7 {[%emt 0:00:44]} 39. Bc1 {[%emt 0:01:54]} Nb6 {[%emt 0:00:18]} 40. Bb2 {[%emt 0:00:37]} Qb7 {[%emt 0:00:39]} 41. Rf2 {[%emt 0:36:05]} Nc8 {[%emt 0:30:17]} 42. f4 {[%emt 0:02:43]} f5 {[%emt 0:00:00]} 43. gxf6 {[%emt 0:00:00]} Bxf6 {[%emt 0:00:00]} 44. f5 {[%emt 0:00:00]} Bxh4 {[%emt 0:00:00]} 45. fxg6+ {[%emt 0:00:00]} Kh6 {[%emt 0:00:00]} 46. Bc1+ {[%emt 0:00:00]} Rf4 {[%emt 0:00:00]} 47. Rxf4 {[%emt 0:00:00]} 1-0

[Event "Marienbad Open IM2 2020"]
[Site "Marianske Lazne"]
[Date "2020.01.21"]
[Round "4.15"]
[White "Marszalek, Maciej"]
[Black "Strebkovs, Andrejs"]
[Result "1-0"]
[WhiteElo "2314"]
[BlackElo "2278"]
[Annotator "TA"]
[PlyCount "219"]
[EventDate "2020.01.18"]
[EventType "tourn"]
[EventCountry "CZE"]
[SourceTitle "playchess.com"]
[Source "ChessBase"]
[SourceQuality "1"]

{[%evp 16,219,0,13,39,24,37,17,34,23,40,51,32,28,41,35,48,0,64,58,56,51,49,29,46,39,42,43,43,54,43,45,50,47,100,101,102,97,153,95,96,116,141,141,141,141,141,129,136,127,122,112,115,120,120,120,120,89,151,93,157,157,158,96,100,86,140,83,83,73,73,73,73,73,73,65,73,73,73,73,73,73,73,73,73,73,76,73,73,66,76,74,76,62,62,62,83,83,83,83,83,83,83,83,95,83,83,83,83,81,88,81,81,81,81,81,81,74,81,81,81,81,81,81,81,72,72,72,79,65,76,65,98,79,84,59,106,103,111,103,115,72,74,75,74,64,72,75,97,96,135,106,135,135,136,138,247,242,242,237,266,247,318,318,512,484,6004,6004,6004,5997,5997,5997,5951,5953,29970,29971,29969,29969,29969,12249,6099,5501,5037,4974,4439,4019,2754,3126,4067,1207,4926,4133,3223,1124,1387,1120,2770,4152,6003,5899,6099,6099,5931,5122,1298,1125]} 1. d4 d5 2. c4 c6 3. Nf3 Nf6 4. Qb3 dxc4 5. Qxc4 Bf5 6. g3 e6 7. Bg2 Nbd7 8. O-O Be7 9. Nc3 Ne4 {D23: Queen's Gambit Accepted: 3 Nf3 Nf6 sidelines} (9... Rc8 10. a4 Ne4 11. a5 O-O 12. Qb3 b5 13. axb6 axb6 14. Ra7 b5 15. Bf4 Ndf6 16. Ne5 Bd6 17. Nxe4 Bxe4 18. Nxf7 Rxf7 19. Qxe6 {1-0 (33) Mamedyarov,S (2772)-Predke,A (2676) Moscow 2019}) 10. Qb3 Qb6 11. Nh4 Qxb3 {The position is equal.} 12. axb3 Nxc3 13. bxc3 Bc2 14. b4 O-O $146 {[#]} ({Predecessor:} 14... Nf6 15. b5 Be4 16. bxc6 bxc6 17. Ba3 Bxg2 18. Kxg2 {½-½ (30) Shemyakin,V (2173)-Strebkovs,A (2321) Pardubice 2017}) 15. b5 $1 {[%mdl 512]} Rfc8 (15... cxb5 16. Bxb7) 16. Ba3 Bf6 (16... Bxh4 $11 17. gxh4 a5) 17. bxc6 $14 bxc6 18. Rfc1 Bb3 19. Bb4 g5 20. Nf3 {Hoping for Nd2.} Bd5 21. Nd2 $36 {[%mdl 2048] White has good play.} c5 22. dxc5 Nxc5 23. Bxd5 exd5 24. Ra5 Be7 (24... Ne4 $1 $14 25. Nxe4 (25. Rxd5 Nxd2 26. Rxd2 a5 $11) 25... dxe4) 25. Rd1 $16 h6 26. Nf3 Nb3 ({Black should try} 26... Nb7) 27. Raxd5 (27. Ra3 $142 $1 Nc5 28. Rxd5) 27... Bxb4 28. cxb4 a5 {[#]} 29. bxa5 $1 Rxa5 30. Rxa5 Nxa5 {[%mdl 4096] Endgame KRN-KRN} 31. Rd6 Rc6 32. Rd8+ Kg7 33. Nd4 Rf6 34. Rd5 Nc6 35. Nf5+ Kg6 36. g4 Re6 (36... h5 $142) 37. Rc5 (37. e3 $142) 37... Ne7 ({Better is} 37... Ne5) 38. e3 Ng8 39. h3 (39. f3 $142) 39... Nf6 40. Kg2 Ra6 (40... h5 $142) 41. Kf3 (41. f3 $142) 41... h5 42. Rc8 hxg4+ 43. hxg4 {Strongly threatening Rh8.} Nd7 44. Kg3 Ne5 45. Rh8 {[%csl Gf5][%cal Rh8h6]} (45. Rc5 {seems wilder.} Kf6 46. Rd5 Ng6 47. Nd4 Ne5 48. Rb5) 45... Kf6 46. Rh6+ Ng6 47. Rh1 Ne7 48. Nd4 Kg6 49. Rb1 Nc6 50. Nf3 Nd8 51. Rb8 Ne6 52. Rb7 {Threatens to win with Ne5+.} Kf6 53. Nd2 Ra4 54. Kf3 Nc5 55. Rb6+ Ne6 56. Ne4+ Kg7 57. Nd6 Ra7 58. Nf5+ Kf6 59. Nd4 Ra2 60. Kg3 Ra3 61. Nf5 Ra7 62. Rb8 Ke5 63. Re8 Kf6 64. Rh8 Ke5 65. Rh7 Nf8 66. Rh5 (66. Rh6 {with more complications.} Ne6 67. Kf3 Ra2 68. Rh8 Ra6 69. Rc8) 66... Ne6 67. Kf3 Ra3 68. Rh7 Ra7 69. Ng3 Kf6 70. Rh6+ Kg7 71. Nf5+ Kg8 72. Ke4 Ra5 73. Rh1 Rc5 74. Nd4 Nf8 75. Rh5 Nh7 {With the idea ...Nf6+.} 76. Rh6 Ra5 77. Rb6 Ra8 78. f3 Re8+ 79. Kd3 Nf8 80. Rd6 Ra8 81. Rd5 Nh7 82. Rc5 Rd8 83. Ke2 Kg7 84. Nf5+ Kf8 85. Rc6 Kg8 (85... Ke8 $16 86. Rb6 Nf8) 86. Rc7 $18 {aiming for Nh6+.} Rf8 87. e4 Nf6 88. Kf2 Kh7 89. Kg3 Ng8 $2 (89... Ne8 {was called for.}) 90. e5 Kg6 (90... Nh6 $142 91. e6 Re8 92. exf7 Rf8) 91. Rc6+ Kh7 92. Rc1 Kg6 {[#]} 93. Rh1 $1 {[%cal Rh1h8]} Re8 94. Rh8 Ra8 95. Kf2 Ra2+ 96. Ke3 Ra3+ 97. Kd4 Ra4+ {White is clearly winning.} 98. Kc5 Ra5+ 99. Kb4 Rxe5 100. Rxg8+ {KRN-KR} Kf6 101. Kc4 Re1 102. Kd4 Rf1 103. Ke3 Ra1 104. Rb8 Ra3+ 105. Kf2 Ke5 106. Rb5+ Kf6 107. Nd6 Kg6 108. Ne4 f6 109. Rb6 Ra2+ 110. Kg3 {Accuracy: White = 68%, Black = 54%.} 1-0

[Event "Marienbad Open IM2 2020"]
[Site "Marianske Lazne"]
[Date "2020.01.21"]
[Round "5.11"]
[White "Strebkovs, Andrejs"]
[Black "Tancsa, Tamas"]
[Result "1-0"]
[WhiteElo "2278"]
[BlackElo "2193"]
[Annotator "NA"]
[PlyCount "85"]
[EventDate "2020.01.18"]
[EventType "tourn"]
[EventCountry "CZE"]
[SourceTitle "playchess.com"]
[Source "ChessBase"]
[SourceQuality "1"]
[TimeControl "40/5400+30:1800+30"]

1. d4 {[%emt 0:00:00]} Nf6 {[%emt 0:00:00]} 2. c4 {[%emt 0:00:00]} d6 {[%emt 0:00:00]} 3. Nc3 {[%emt 0:00:05]} Nbd7 {[%emt 0:00:24]} 4. Nf3 {[%emt 0:00:20]} g6 {[%emt 0:00:09]} 5. Bg5 {[%emt 0:03:00]} Bg7 {[%emt 0:02:22]} 6. e3 {[%emt 0:00:15]} O-O {[%emt 0:02:40]} 7. Be2 {[%emt 0:00:24]} h6 {[%emt 0:02:44]} 8. Bh4 {[%emt 0:00:06]} c6 {[%emt 0:01:13]} 9. O-O {[%emt 0:00:38]} Qc7 {[%emt 0:04:11]} 10. b4 {[%emt 0:02:50]} e5 {[%emt 0:04:21]} 11. c5 {[%emt 0:06:17]} d5 {[%emt 0:07:16]} 12. Qb3 {[%emt 0:03:05]} Re8 {[%emt 0:10:07]} 13. Rad1 {[%emt 0:06:28]} Ne4 {[%emt 0:07:28]} 14. Nxe4 {[%emt 0:03:19]} dxe4 {[%emt 0:01:24]} 15. Bc4 {[%emt 0:00:52]} Nxc5 {[%emt 0:01:00]} 16. dxc5 {[%emt 0:00:25]} exf3 {[%emt 0:00:09]} 17. gxf3 {[%emt 0:00:56]} b5 {[%emt 0:26:01]} 18. cxb6 {[%emt 0:00:21]} axb6 {[%emt 0:00:06]} 19. a4 {[%emt 0:00:58]} Kh7 {[%emt 0:03:43]} 20. Bxf7 {[%emt 0:03:20]} Rf8 {[%emt 0:00:08]} 21. Be6 {[%emt 0:00:49]} Rxf3 {[%emt 0:00:55]} 22. b5 {[%emt 0:05:09]} Bxe6 {[%emt 0:11:10]} 23. Qxe6 {[%emt 0:00:09]} cxb5 {[%emt 0:00:03]} 24. axb5 {[%emt 0:02:28]} Raf8 {[%emt 0:00:59]} 25. Rd7 {[%emt 0:03:22]} Qc8 {[%emt 0:01:52]} 26. Ra1 {[%emt 0:02:56]} Qc3 {[%emt 0:03:23]} 27. Rad1 {[%emt 0:03:07]} Qc2 {[%emt 0:02:22]} 28. R7d2 {[%emt 0:07:54]} Qa4 {[%emt 0:02:48]} 29. Bg3 {[%emt 0:04:10]} Qxb5 {[%emt 0:02:10]} 30. Rd7 {[%emt 0:00:41]} R3f5 {[%emt 0:03:10]} 31. Qe7 {[%emt 0:04:24]} R8f7 {[%emt 0:00:32]} 32. Qxf7 {[%emt 0:01:27]} Rxf7 {[%emt 0:00:01]} 33. Rxf7 {[%emt 0:00:07]} Kg8 {[%emt 0:00:16]} 34. Rc7 {[%emt 0:02:20]} Bf8 {[%emt 0:00:28]} 35. Rd8 {[%emt 0:01:58]} Qb1+ {[%emt 0:00:59]} 36. Kg2 {[%emt 0:00:06]} Qe4+ {[%emt 0:00:47]} 37. f3 {[%emt 0:00:11]} Qxe3 {[%emt 0:00:32]} 38. Rcc8 {[%emt 0:00:15]} Qe2+ {[%emt 0:00:14]} 39. Bf2 {[%emt 0:00:15]} e4 {[%emt 0:00:30]} 40. Rxf8+ {[%emt 0:02:33]} Kg7 {[%emt 0:00:00]} 41. Rce8 {[%emt 0:33:24]} exf3+ {[%emt 0:01:39]} 42. Kg3 {[%emt 0:00:00]} Qd3 {[%emt 0:01:39]} 43. Rd8 {[%emt 0:00:00]} 1-0

[Event "Marienbad Open IM2 2020"]
[Site "Marianske Lazne"]
[Date "2020.01.21"]
[Round "5.12"]
[White "Hilwerda, Jonas"]
[Black "Marszalek, Maciej"]
[Result "1/2-1/2"]
[WhiteElo "2230"]
[BlackElo "2314"]
[Annotator "TA"]
[PlyCount "45"]
[EventDate "2020.01.18"]
[EventType "tourn"]
[EventCountry "CZE"]
[SourceTitle "playchess.com"]
[Source "ChessBase"]
[SourceQuality "1"]

{[%evp 17,45,0,0,1,41,2,4,-12,-2,0,0,0,3,8,9,8,10,0,0,0,21,0,0,0,0,0,0,0,18,16]} 1. e4 e5 2. Nf3 Nc6 3. Bc4 Bc5 4. c3 Nf6 5. d4 exd4 6. e5 d5 7. Bb5 Ne4 8. cxd4 Bb6 9. Nc3 O-O 10. Be3 {C54: Giuoco Piano: 4 c3 Nf6, main lines with 5 d4 and 5 d3} f5 (10... Bg4 11. h3 Bh5 12. Qc2 Ba5 13. O-O Bxf3 14. gxf3 Nxc3 15. bxc3 Qd7 16. Kh2 Nxd4 17. cxd4 Qxb5 {½-½ (27) Karjakin,S (2754)-Harikrishna,P (2724) Jerusalem 2019}) 11. exf6 Nxc3 {The position is equal.} 12. f7+ $146 ({Predecessor:} 12. bxc3 Qxf6 13. Qb3 Qd6 14. Bd3 Bg4 15. Qc2 h6 16. Nh4 Ne7 {½-½ (44) Murariu,A (2495)-Iordachescu,V (2602) Mamaia 2019}) 12... Rxf7 13. bxc3 Bg4 14. Be2 $1 {With the idea Ng5.} Rf8 15. O-O Qf6 16. h3 Bh5 17. Nh2 Bxe2 18. Qxe2 Rae8 19. Qd3 Qf5 20. Qxf5 Rxf5 21. Nf3 h6 22. Rfe1 Ba5 23. Bd2 {Accuracy: White = 50%, Black = 79%.} 1/2-1/2

[Event "Marienbad Open IM2 2020"]
[Site "Marianske Lazne"]
[Date "2020.01.21"]
[Round "5.13"]
[White "Gorbatov, Alexej"]
[Black "Sharma Isha"]
[Result "1-0"]
[WhiteElo "2355"]
[BlackElo "2169"]
[Annotator "TA"]
[PlyCount "145"]
[EventDate "2020.01.18"]
[EventType "tourn"]
[EventCountry "CZE"]
[SourceTitle "playchess.com"]
[Source "ChessBase"]
[SourceQuality "1"]

{[%evp 9,145,7,25,29,30,29,45,52,54,54,54,54,55,47,73,77,58,58,75,64,114,121,114,117,114,60,140,124,141,137,283,302,267,282,269,211,232,229,229,199,587,589,597,597,579,579,610,597,531,515,1439,687,608,310,305,301,281,247,597,607,461,167,145,144,152,145,150,91,81,69,90,76,153,86,102,118,93,45,45,45,45,45,45,45,45,45,45,45,56,27,27,27,29,29,83,76,73,22,22,34,895,59,59,59,329,329,322,291,216,85,89,58,59,59,981,943,1260,833,2906,2700,29976,29977,29977,29978,29978,29978,29977,29979,29980,29981,29981,29982,29982,29983,29983,29984,29984,29985]} 1. d4 Nf6 2. Nc3 d5 3. Bf4 c6 4. Qd2 (4. e3 Nbd7 5. Bd3 g6 6. h3 Bg7 7. Nf3 O-O 8. O-O b6 9. e4 dxe4 10. Nxe4 Bb7 11. Re1 Nxe4 12. Bxe4 Nf6 13. Bd3 c5 14. dxc5 bxc5 15. Ne5 Qb6 {1-0 (48) Firouzja,A (2682)-Vidit,S (2707) Xingtai 2019}) 4... Bf5 5. f3 e6 6. g4 {D00: 1 d4 d5: Unusual lines} Bg6 7. h4 {aiming for h5.} h5 8. g5 {White is slightly better.} Ng8 9. e4 Bd6 10. Nge2 Ne7 11. O-O-O a5 $146 ({Predecessor:} 11... O-O 12. Bxd6 Qxd6 {0-1 (51) Borysiak,B (2182)-Przybyla,K (2144) Warsaw 2009}) 12. Bxd6 Qxd6 13. Nf4 $36 {[%mdl 2048] Black is under pressure.} O-O 14. Bd3 Qb4 15. exd5 exd5 16. Bxg6 fxg6 17. Rde1 (17. Rhe1 $16) 17... Rf7 (17... Na6 $14) 18. Re6 $1 $16 Nd7 19. a3 Qc4 (19... Qb6 $16 {was necessary.}) 20. b3 $1 $18 {[%cal Rb3c4]} Qa6 21. Rhe1 Nf5 22. Nxg6 Qa7 23. Ne7+ Nxe7 24. Rxe7 Raf8 $2 (24... Qb8 {is a better chance.} 25. Rxf7 Kxf7) 25. g6 Rxe7 26. Rxe7 Nf6 27. Na4 Re8 28. Qe3 Qb8 29. Nc5 b6 (29... Rxe7 $142 30. Qxe7 Qf8 31. Qe6+ Kh8 32. Nxb7 Ne8) 30. Qe6+ (30. Nd7 $142 Rxe7 31. Qxe7 (31. Nxb8 $2 {too greedy.} Rxe3 32. Nxc6 Rxf3 $19) 31... Nxd7 32. Qxd7) 30... Kh8 31. Rxe8+ Qxe8 32. Qxe8+ Nxe8 {[%mdl 4096] Endgame KN-KN} 33. Nd7 Nd6 $2 (33... b5 34. Ne5 Kg8 35. Nxc6 Kf8 36. Nxa5 Nd6) 34. Nxb6 Nf5 35. Nd7 $2 (35. a4) 35... Nxh4 36. Ne5 Nf5 37. c3 $1 ({Don't play} 37. Nxc6 $6 h4 $11) 37... h4 38. Kd2 (38. a4 $142 $1) 38... h3 $16 39. Ng4 Kg8 $1 40. Ke2 Nh4 41. Kf2 (41. f4 $142 $1) 41... Nxg6 42. Kg3 Kf7 43. Kxh3 Nf4+ 44. Kg3 Ne2+ 45. Kf2 Nxc3 46. Ne5+ {[%mdl 64] Double Attack} Ke6 47. Nxc6 Kd6 $1 {[%cal Rd6c6]} 48. Nxa5 {Threatens to win with Ke3.} Nb5 49. a4 Nxd4 50. Ke3 Nf5+ 51. Kd3 {Strongly threatening b4.} Kc5 (51... Nh4 $1 $11) 52. Nb7+ Kb4 53. a5 ({White should try} 53. f4 $16) 53... Kb5 $11 54. b4 {Black must now prevent f4.} Ne7 $2 {[%mdl 8192] [#]} (54... g5 $14) 55. Kc3 $2 (55. Nd6+ $1 $18 Kxb4 56. a6) 55... d4+ $14 56. Kb3 $1 g6 $2 {[%mdl 8192]} (56... Nc8 $14) 57. Nd6+ $18 Kc6 58. Nc4 Nd5 59. Na3 (59. a6 $18) 59... d3 $16 60. b5+ Kc5 61. b6 {Hoping for Nc4.} Nb4 $2 {[%mdl 8192]} (61... g5 $14 62. Kb2 Nb4) 62. Kc3 $18 Nc6 {[#]} 63. Nc4 $1 Nb4 64. Ne5 Kb5 65. b7 {White mates.} Na6 66. Nd7 Kxa5 67. b8=Q Nxb8 68. Nxb8 Kb5 69. Kxd3 {KN-KP} Kc5 70. Ke4 Kd6 71. Kf4 Ke6 72. Kg5 Kf7 73. Nc6 {Accuracy: White = 58%, Black = 38%.} 1-0

[Event "Marienbad Open IM2 2020"]
[Site "Marianske Lazne"]
[Date "2020.01.21"]
[Round "5.14"]
[White "Nguyen, Alex Dac-Vuong"]
[Black "Vetokhin, Savva"]
[Result "0-1"]
[WhiteElo "2401"]
[BlackElo "2113"]
[Annotator "TA"]
[PlyCount "114"]
[EventDate "2020.01.18"]
[EventType "tourn"]
[EventCountry "CZE"]
[SourceTitle "playchess.com"]
[Source "ChessBase"]
[SourceQuality "1"]

{[%evp 23,120,-9,-24,-19,-7,-14,-7,-38,-38,-86,-96,-111,-102,-111,-92,-121,-120,-137,-131,-137,-127,-141,-133,-137,-139,-178,-169,-171,-179,-189,-155,-209,-204,-226,-233,-231,-209,-263,-177,-190,-139,-218,-208,-358,-330,-382,-152,-289,-267,-334,-353,-432,-433,-608,-608,-608,-588,-604,-590,-743,-753,-736,-715,-720,-680,-802,-821,-1142,-1119,-947,-642,-614,-605,-596,-590,-759,-752,-670,-644,-720,-701,-736,-619,-1119,-1072,-1026,-1017,-971,-946,-906,-860,-5055,-2070,-5506,-1345,-4108,-797,-659,-630]} 1. c4 e5 2. Nc3 Nf6 3. g3 d5 4. cxd5 Nxd5 5. Bg2 Nb6 6. Nf3 Nc6 7. O-O Be7 8. a3 O-O 9. b4 Be6 10. d3 a5 11. b5 Nd4 12. Nxd4 exd4 13. Na4 {A29: English Opening: Four Knights Variation with 4 g3} Bd5 14. Nxb6 cxb6 15. Bh3 {The position is equal.} (15. Qa4 Bc5 16. Bxd5 Qxd5 17. Qc4 Qh5 18. Ra2 Rae8 19. Re1 Re6 20. e4 dxe3 21. fxe3 {½-½ (30) Plat,V (2556)-Babula,V (2556) Prague 2018}) 15... a4 16. Bf4 $146 ({Predecessor:} 16. e4 Bb3 17. Qh5 Ra5 18. f4 Qe8 19. Bb2 Rxb5 20. Qe2 Bc5 {0-1 (34) Newman,N (1887)-Gramstad,R (1667) IECC email 1998}) 16... Qe8 17. Qc1 Bc5 18. Qb2 Bb3 19. Bg2 Qd7 20. Bd2 Rfe8 21. Rfe1 Re7 22. Bg5 f6 23. Bd2 Rd8 24. h4 Qxb5 25. Bf3 Qd7 26. Bf4 b5 27. Rec1 (27. Reb1 $17 {was worth a try.}) 27... b6 $19 28. Qd2 Rde8 29. Qb2 Qe6 30. Bh5 g6 31. Bf3 Qd7 ({Black should play} 31... Qf5 $19 {aiming for ...g5.} 32. Bh6 Bd5 33. Bxd5+ Qxd5 34. Qxb5 Rxe2 35. Qxa4 Qh5 36. Qb3+ Kh8) 32. Rab1 (32. Re1 $17 {is a better defense.}) 32... Kg7 33. Kg2 (33. g4 {keeps fighting.}) 33... h6 34. Qd2 h5 $2 {[#]} (34... Bd5 $19 35. Be4 h5) 35. Qb2 (35. Rxb3 $17 axb3 36. Qb2) 35... Qf5 {Strongly threatening ...Bd5.} 36. Kg1 g5 37. hxg5 fxg5 {Black is clearly winning.} 38. Be4 (38. Rxc5 $142 bxc5 39. Bd6) 38... Rxe4 39. dxe4 Rxe4 40. Bc7 Re7 41. Bd6 Bxd6 42. Qxd4+ Qe5 43. Qxb6 Bxa3 44. Rc6 Qe4 45. Rxb3 axb3 46. Qxb5 Re5 47. Rc7+ Be7 48. Qxb3 Qxe2 49. Rc8 Qe1+ 50. Kg2 Qe4+ 51. Kh2 Re6 52. Qc3+ Qe5 53. Qxe5+ Rxe5 {[%mdl 4096] Endgame KRB-KR} 54. Kg2 Rc5 55. Ra8 Bf6 56. Ra7+ Kg6 57. Rb7 g4 {Played: Rc5-c2} 0-1